| Art - Music/Opera | 5 | 8.00 | 40% | 0% | 40% |
| Art - Other | 2 | 10.00 | 50% | 50% | 0% |
| Art - Painting/Sculpture | 7 | 11.43 | 43% | 29% | 43% |
| Art - Visual | 2 | 10.00 | 50% | 50% | 0% |
| Current Events/Modern World - Western social | 1 | 0.00 | 0% | 0% | 0% |
| Geography - Europe | 1 | 10.00 | 0% | 0% | 100% |
| Geography - Mixed/any | 1 | 10.00 | 100% | 0% | 0% |
| Geography - United States | 1 | 20.00 | 0% | 100% | 100% |
| History - American | 6 | 13.33 | 50% | 50% | 33% |
| History - European | 7 | 10.00 | 57% | 29% | 14% |
| History - Other | 5 | 22.00 | 80% | 60% | 80% |
| History - World | 7 | 12.86 | 14% | 43% | 71% |
| Literature - American any | 2 | 20.00 | 100% | 100% | 0% |
| Literature - American poetry | 1 | 10.00 | 0% | 0% | 100% |
| Literature - American short fiction | 1 | 10.00 | 100% | 0% | 0% |
| Literature - British drama | 1 | 0.00 | 0% | 0% | 0% |
| Literature - British poetry | 2 | 5.00 | 50% | 0% | 0% |
| Literature - European any | 1 | 10.00 | 0% | 100% | 0% |
| Literature - European drama | 1 | 20.00 | 100% | 100% | 0% |
| Literature - European long fiction | 4 | 12.50 | 0% | 25% | 100% |
| Literature - European poetry | 2 | 10.00 | 0% | 50% | 50% |
| Literature - World/Misc any | 1 | 0.00 | 0% | 0% | 0% |
| Literature - World/Misc long fiction | 2 | 10.00 | 50% | 0% | 50% |
| Literature - World/Misc poetry | 1 | 10.00 | 0% | 100% | 0% |
| Literature - World/Misc short fiction | 2 | 20.00 | 100% | 50% | 50% |
| Mythology - Greco/Roman | 1 | 0.00 | 0% | 0% | 0% |
| Mythology - Mixed/Any | 2 | 10.00 | 100% | 0% | 0% |
| Mythology - Norse | 1 | 20.00 | 0% | 100% | 100% |
| Other Academic/Cross-Category - Any | 1 | 20.00 | 100% | 0% | 100% |
| Philosophy - 20th century | 1 | 10.00 | 0% | 0% | 100% |
| Philosophy - Enlightenment | 2 | 10.00 | 0% | 100% | 0% |
| Philosophy - Mixed/Any | 2 | 10.00 | 0% | 50% | 50% |
| Philosophy - Pre-20th | 1 | 10.00 | 0% | 0% | 100% |
| Religion - Hinduism | 2 | 15.00 | 0% | 50% | 100% |
| Religion - Islam | 1 | 20.00 | 100% | 0% | 100% |
| Religion - Mixed/Any | 2 | 15.00 | 50% | 50% | 50% |
| Science - Astronomy | 1 | 10.00 | 100% | 0% | 0% |
| Science - Biology | 8 | 7.50 | 38% | 25% | 13% |
| Science - Chemistry | 2 | 15.00 | 50% | 50% | 50% |
| Science - Compsci | 2 | 10.00 | 50% | 0% | 50% |
| Science - Earth | 1 | 10.00 | 0% | 0% | 100% |
| Science - Other/CL/Misc | 1 | 10.00 | 100% | 0% | 0% |
| Science - Physics | 5 | 8.00 | 40% | 20% | 20% |
| Social Science - Anthropology | 1 | 10.00 | 0% | 100% | 0% |
| Social Science - Law | 1 | 20.00 | 100% | 100% | 0% |
| Social Science - Psychology | 2 | 10.00 | 0% | 0% | 100% |